| 000 | 01563nam a2200337 a 4500 | ||
|---|---|---|---|
| 001 | BRCA_8674 | ||
| 005 | 20190320210350.0 | ||
| 008 | 021216s1740----sp-a######---#000-0#lat-# | ||
| 041 | _alat | ||
| 044 | _asp | ||
| 050 | 4 |
_aBV169 _b.R66 _c1740 |
|
| 100 | 1 |
_aRomero y Ballesteros, P. Fr. Juan _921638 |
|
| 245 | 1 | 0 |
_aAmaior honrra iglesia de dios n. s. i. de María Sma de los dolores d. s. mando a hazer este libro a expensas de sus bien hechorez la m. s. maría josepha de la s. sma trinidad para su convento de sa. maría de jesus de esta ciudad de sevilla, siendo vicaria de choro _cP. Fr. Juan Romero y Ballesteros. |
| 260 |
_aSevilla _bCasa grande de N. S. S. Fraca de Sevilla _c1740 |
||
| 300 |
_a67 p. _bil. _c56 cm |
||
| 500 | _aFondo antiguo | ||
| 500 | _aSe encuentra en Caja Fuerte | ||
| 500 | _aW-25 | ||
| 500 | _aPortada a color iluminada a mano | ||
| 500 | _aLibro de coro con letras capitulares iluminadas a mano | ||
| 500 | _aContiene pentagramas musicales | ||
| 500 | _aEstado físico: las páginas 8 y 11 presentan una rotura localizada en el texto, lomo desprendido | ||
| 500 | _aTexto en dos tintas negro y rojo | ||
| 500 | _aIncluye tabla de lo que este libro contiene | ||
| 500 | _aNota de encuadernación: piel sobre cartón con herrajes metálicos en las tapas | ||
| 506 | 0 | _aFondo reservado: para su consulta es necesario credencial de usuario y carta de motivos | |
| 650 | 1 | 4 |
_aIglesia católica _eLiturgia _vManuscritos _921639 |
| 650 | 1 | 4 |
_aLibros de coro _eIglesia católica _921640 |
| 902 | _aLAR | ||
| 942 |
_2lcc _cB |
||
| 999 |
_c8332 _d8332 |
||